000 00488nam a22001697a 4500
008 230622b |||||||| |||| 00| 0 eng d
040 _aNational Science Library
_cNational Science Library
080 _a627.13
_bK4
100 _aHiranandani, M G
_911339
245 _aStream gauging:
_bA manual
260 _aPoona:
_bCentral Water and Power Research Station,
_c1964
300 _ax, 342p.
650 _aGauges
653 _aWire gauges
700 _aChitale, S V
942 _2udc
_cBK
999 _c46345
_d46345